| 000 | 00368nam a22001457a 4500 | ||
|---|---|---|---|
| 005 | 20160521121629.0 | ||
| 008 | 160521b xxu||||| |||| 00| 0 eng d | ||
| 041 | _aeng | ||
| 082 | _b3745 | ||
| 245 | _aShivani Engineering Q.B. (Engineering Thermodynamics) | ||
| 260 |
_bShivani Publication _c2001 |
||
| 300 | _a246 | ||
| 650 |
_aDIPLOMA ENGINEERING _9817 |
||
| 942 | _cBK | ||
| 999 |
_c1301 _d1301 |
||